Madrid y la economía española (Record no. 127726)

MARC details
000 -LEADER
campo de control de longitud fija 00763nam a2200217 4500
001 - NÚMERO DE CONTROL
campo de control 127726
003 - IDENTIFICADOR DE NÚMERO DE CONTROL
campo de control ES-MaACL
007 - CAMPO FIJO DE DESCRIPCIÓN FÍSICA--INFORMACIÓN GENERAL
campo de control de longitud fija t|
008 - DATOS DE LONGITUD FIJA--INFORMACIÓN GENERAL
campo de control de longitud fija 070214s1985 sp r ||||1| spa d
020 ## - NÚMERO INTERNACIONAL ESTÁNDAR DEL LIBRO
Número Internacional Estándar del Libro 84-206-2443-8
100 1# - ENTRADA PRINCIPAL--NOMBRE DE PERSONA
Nombre de persona Ringrose, David R.
9 (RLIN) 186708
245 10 - MENCIÓN DEL TÍTULO
Título Madrid y la economía española
Resto del título : 1560-1850 : ciudad, corte y país en el antiguo régimen /
Mención de responsabilidad, etc. David R. Ringrose ; versión española de Alfonso Crespo Arana, Angel Bahamonde.
260 ## - PUBLICACIÓN, DISTRIBUCIÓN, ETC.
Lugar de publicación, distribución, etc. Madrid :
Nombre del editor, distribuidor, etc. Alianza,
Fecha de publicación, distribución, etc. 1985.
300 ## - DESCRIPCIÓN FÍSICA
Extensión 495 p. ;
Dimensiones 20 cm.
490 1# - MENCIÓN DE SERIE
Mención de serie Alianza universidad ;
Designación de volumen o secuencia 443
700 1# - ENTRADA AGREGADA--NOMBRE PERSONAL
Nombre de persona Crespo Arana, Alfonso.
9 (RLIN) 41536
700 1# - ENTRADA AGREGADA--NOMBRE PERSONAL
Nombre de persona Bahamonde, Angel.
9 (RLIN) 24659
830 0# - PUNTO DE ACCESO ADICIONAL DE SERIE-TÍTULO UNIFORME
Título uniforme Alianza universidad ;
Designación de volumen o secuencia 443
9 (RLIN) 177276
852 ## - LOCALIZACIÓN
Ubicación ES-MaACL
Número de control de estantería L-9881
Sublocalización o colección R.111624
Holdings
Estatus retirado Estado de pérdida Estado de daño No para préstamo Biblioteca de origen Biblioteca actual Ubicación en estantería Fecha de adquisición Fuente de adquisición Total de préstamos Signatura topográfica completa Código de barras Visto por última vez Precio de reemplazo Tipo de ítem Koha
        Biblioteca del Ateneo de Madrid Biblioteca del Ateneo de Madrid Depósito 2 17/01/2008     L-9881 1133034 23/02/2023 23/02/2023 Libro impreso